| 000 | 00000nam 2200000za 4500 |
| 001 | 9.854217 |
| 003 | CaOODSP |
| 005 | 20250403110041 |
| 007 | cr ||||||||||| |
| 008 | 180323s2015 oncd #ob f000 0 fre d |
| 020 | |a9780660259291 |
| 040 | |aCaOODSP|bfre |
| 043 | |an-cn--- |
| 086 | 1 |aCS11-630/2015-7F-PDF |
| 245 | 02|aL'évolution du logement au Canada de 1957 à 2014 |h[ressource électronique]. |
| 260 | |a[Ottawa] : |bStatistique Canada, |cc2015. |
| 300 | |a7 p. : |bgraphiques |
| 490 | 1 |aMégatendances canadiennes ; |v[2015007] |
| 500 | |aTitre pris sur la couv. |
| 500 | |aPubl. aussi en format HTML. |
| 500 | |aPubl. aussi en anglais sous le titre : Evolution of housing in Canada from 1957 to 2014. |
| 504 | |aComprend des réf. bibliogr. |
| 520 | |a« Pendant la plus grande partie de leur existence, les villes canadiennes ont élargi leur territoire au moment où des vagues d'immigrants et la génération du baby-boom recherchaient des maisons dans les banlieues sans cesse grandissantes. De nos jours, la croissance urbaine ne se fait plus à l'horizontale mais plutôt à la verticale, alors que les logements multifamiliaux, tout particulièrement les immeubles d'appartements et les condominiums d'appartements, ont transformé la silhouette des villes canadiennes » -- p. 3. |
| 692 | 07|2gccst|aLogement |
| 692 | 07|2gccst|aDéveloppement urbain |
| 692 | 07|2gccst|aHistoire du Canada |
| 710 | 2 |aStatistique Canada. |
| 775 | 08|tEvolution of housing in Canada from 1957 to 2014 |w(CaOODSP)9.854216 |
| 830 | #0|aMégatendances canadiennes ;|v2015007.|w(CaOODSP)9.851539 |
| 856 | 40|qPDF|s1,002 Ko|uhttps://publications.gc.ca/collections/collection_2018/statcan/11-630-x/11-630-x2015007-fra.pdf |
| 856 | 4 |qHTML|sS.O.|uhttps://www150.statcan.gc.ca/n1/pub/11-630-x/11-630-x2015007-fra.htm |
| 986 | |a11-630-X |